000 00638nam a2200229Ia 4500
003 OSt
005 20220928123917.0
006 a|||||r|||| 00| 0
007 ta
008 220927b |||||||| |||| 00| 0 eng d
024 _a53183
037 _cTextual
040 _aSDCL
_cSDCL
_beng
041 _2eng
_aeng
082 _aX755.1(X)'N8, L8
100 _aNashat Mahyar
_9462149
245 0 _aNational interests and bureaucracy versus development aid.
260 _aGeneva
_bTribune Editions
_c1978
300 _axv,213p
_ccm.
942 _hX755.1(X)'N8, L8
_cTEXL
_2CC
999 _c775153
_d775153